00841nam a2200217 a 450000100100000000500170001000800410002704000250006808200150009310000470010824501460015526000490030130000210035049000160037150400400038770000280042783000230045504900090047895201190048799900170060600002613220200930024329.0110301s1991 cu r 000 0 spa d aDO-SdBNPbspacBNPHU annnbC512c1 aChávez Álvarez, Ernesto,d1942-95310010aEl crimen de la niña Cecilia :bla brujería en Cuba como fenómeno social (1902-1925) /cErnesto Chávez Álvarez edición Enid Vian. aLa Habana, Cuba :bCiencias Sociales,c1991. a216 p. ;c18 cm.1 aEtnología aIncluye bibliografía (p. 209-216)1 aVian, Enid,eed.928106 0aEtnología934077 aBNGR 001054708MOaGRbGRcCTd2011-03-01iLF1l0onnn C512cp26132-10r2020-06-25w2020-06-25y4ZPréstamo en sala c25624d25624